Catálogo

La hija pródiga / (Registro nro. 25705)

Detalles MARC
000 -LEADER
fixed length control field 01332cam a2200361 i 4500
001 - CONTROL NUMBER
control field 25705
003 - CONTROL NUMBER IDENTIFIER
control field Mx-PuUPA
005 - DATE AND TIME OF LATEST TRANSACTION
control field 20250218135757.0
008 - FIXED-LENGTH DATA ELEMENTS--GENERAL INFORMATION
fixed length control field 140415s1983 mx gr 000 f spa d
020 ## - INTERNATIONAL STANDARD BOOK NUMBER
International Standard Book Number 9684193025
040 ## - CATALOGING SOURCE
Original cataloging agency Mx-PuUPA
Transcribing agency Mx-PuUPA
Language of cataloging spa
Modifying agency Mx-PuUPA
Description conventions rda
041 1# - LANGUAGE CODE
Language code of text/sound track or separate title spa
Language code of original eng
100 1# - MAIN ENTRY--PERSONAL NAME
Personal name Archer, Jeffrey,
Dates associated with a name 1940-
9 (RLIN) 13798
Relator term autor
240 14 - UNIFORM TITLE
Uniform title The prodigal daughter.
Language of a work Español
245 13 - TITLE STATEMENT
Title La hija pródiga /
Statement of responsibility, etc. Jeffrey Archer ; traducción, José Antonio Bravo
264 #1 - PRODUCTION, PUBLICATION, DISTRIBUTION, MANUFACTURE, AND COPYRIGHT NOTICE
Place of production, publication, distribution, manufacture México, D. F. :
Name of producer, publisher, distributor, manufacturer Editorial Grijalbo,
Date of production, publication, distribution, manufacture, or copyright notice ©1983
300 ## - PHYSICAL DESCRIPTION
Extent 485 páginas ;
Dimensions 20 cm
336 ## - CONTENT TYPE
Fuente rdacontent
Content type term texto
Content type code txt
337 ## - MEDIA TYPE
Source rdamedia
Media type term sin medio
Media type code n
338 ## - CARRIER TYPE
Source rdacarrier
Carrier type term volumen
Carrier type code nc
650 #7 - SUBJECT ADDED ENTRY--TOPICAL TERM
Source of heading or term armarc
Topical term or geographic name entry element Mujeres de negocios
Form subdivision Novela
650 #7 - SUBJECT ADDED ENTRY--TOPICAL TERM
Source of heading or term armarc
Topical term or geographic name entry element Hijos de migrantes
Geographic subdivision Estados Unidos
Form subdivision Novela
650 #7 - SUBJECT ADDED ENTRY--TOPICAL TERM
Source of heading or term armarc
Topical term or geographic name entry element Relaciones hombre - mujer
Form subdivision Novela
655 #7 - INDEX TERM--GENRE/FORM
Source of term armarc
Genre/form data or focus term Novela inglesa
Chronological subdivision Siglo XX
655 #7 - INDEX TERM--GENRE/FORM
Source of term armarc
Genre/form data or focus term Novela romántica
700 1# - ADDED ENTRY--PERSONAL NAME
Personal name Bravo, José Antonio,
Relator term traductor
765 0# - ORIGINAL LANGUAGE ENTRY
Main entry heading Archer, Jeffrey, 1940-
Place, publisher, and date of publication Londres : Hodder and Stoughton, 1982
Title The prodigal daughter.
942 ## - ADDED ENTRY ELEMENTS (KOHA)
Source of classification or shelving scheme Dewey Decimal Classification
Koha item type Libro
Classification part 823.914
Item part A66
Existencias
Withdrawn status Lost status Source of classification or shelving scheme Damaged status Not for loan Collection code Home library Current library Shelving location Date acquired Source of acquisition Total Checkouts Full call number Barcode Date last seen Price effective from Koha item type
    Dewey Decimal Classification     General Biblioteca Karol Wojtyla Biblioteca Karol Wojtyla Sala general 03/12/2013 Donación   823.914 A66 1983 48120 05/01/2026 03/12/2013 Libro